Score 0/30 Timer 04:00
0 Plays Today
Novel Missing Word % Correct
___ and PrejudicePride
95.4%
Brave ___ WorldNew
94.6%
Uncle ___ CabinTom's
93%
A Clockwork ___Orange
91.1%
The Maltese ___Falcon
81.4%
The Manchurian ___Candidate
77%
The ___ WhispererHorse
76.4%
___ to Terabithia Bridge
71.7%
___ of EdenEast
68.1%
The ___ KaramazovBrothers
57.2%
The Handmaid's ___Tale
53.4%
___ for AlgernonFlowers
52.8%
Things Fall ___Apart
51.9%
The Caine ___Mutiny
46%
The Thorn ___Birds
45.7%
Novel Missing Word % Correct
___ Livingston SeagullJonathan
43%
Captain Corelli's ___Mandolin
40.9%
Of ___ BondageHuman
39%
The Poisonwood ___Bible
32.8%
God's ___ AcreLittle
25.8%
___ in VeniceDeath
24.8%
___ Sargasso SeaWide
24.7%
The Executioner's ___Song
23.5%
The ___ AmbersonsMagnificent
18.2%
Cold ___ FarmComfort
17.2%
The Sheltering ___Sky
10.4%
___ in AugustLight
9.7%
The ___ SeekersShell
7.3%
___ in SamarraAppointment
4.9%
___ It SleepCall
4.7%

Today's Daily Dose

Remove Ads.
Support Sporcle.
Get the best of Sporcle when you Go Orange. This ad-free experience offers more features, more stats, and more fun while also helping to support Sporcle. Thank you for becoming a member.

You're not logged in!

Compare scores with friends on all Sporcle quizzes.
OR
Log In

Show Comments

Extras

Top Quizzes Today


Score Distribution

Your Account Isn't Verified!

In order to create a playlist on Sporcle, you need to verify the email address you used during registration. Go to your Sporcle Settings to finish the process.

Report this User

Report this user for behavior that violates our Community Guidelines.

Details: